| 000 | 00885nam a2200241 a 4500 | ||
|---|---|---|---|
| 001 | BRCA_1405 | ||
| 005 | 20190320203419.0 | ||
| 008 | 891024s1988----mx-#---##b---#000-0dspa-# | ||
| 020 | _a9681630556 (Obra completa) | ||
| 050 | 4 |
_aF1211 _b.I88 1988 |
|
| 100 | 1 |
_aIturriaga de la Fuente, José _d1946- _9115 |
|
| 245 | 1 | 0 |
_aAnecdotario de viajeros extranjeros en México _bsiglos XVI-XX _cJosé Iturriaga de la Fuente ; presentación de Andrés Henestrosa. |
| 260 |
_aMéxico _bFCE : INBA _c1988-1992 |
||
| 300 |
_a4 v. _c21 cm. |
||
| 440 | 0 |
_aSección de obras de historia _94595 |
|
| 504 | _aIncluye referencias bibliográficas | ||
| 650 | 1 | 4 |
_aViajeros _xAnecdotas _zMéxico _94596 |
| 651 | 4 |
_aMéxico _xDescripción y viajes _9103 |
|
| 651 | 4 |
_aMéxico _xHistoria _9614 |
|
| 700 | 1 |
_aHenestrosa, Andrés _91789 |
|
| 710 | 2 |
_aFondo de Cultura Económica (México) _94597 |
|
| 942 |
_2lcc _cB |
||
| 999 |
_c1267 _d1267 |
||